Kultura jako faktor reprodukce a rozvoje lidského kapitálu

Vymedzenie sociálnych prínosov kultúry z hľadiska budúceho rozvoja a postavenia v rámci ekonomiky. Porovnanie zamestnanosti v kultúre a jej štruktúry podľa dosiahnutého vzdelania pracovníkov vo vybraných krajinách Európy.

Salvato in:
Dettagli Bibliografici
Autore principale: Heřmanová, Eva
Natura: Capitolo di libro
Lingua:ceco
Soggetti:
Tags: Aggiungi Tag
Nessun Tag, puoi essere il primo ad aggiungerne!!

MARC

LEADER 00000nla$a2200000$$$4500
001 0126931
005 20221107085302.0
041 0 |a cze 
044 |a CZ 
245 1 0 |a Kultura jako faktor reprodukce a rozvoje lidského kapitálu  |c Eva Heřmanová 
520 |a Vymedzenie sociálnych prínosov kultúry z hľadiska budúceho rozvoja a postavenia v rámci ekonomiky. Porovnanie zamestnanosti v kultúre a jej štruktúry podľa dosiahnutého vzdelania pracovníkov vo vybraných krajinách Európy. 
610 2 0 |a Európa 
610 2 0 |a kapitál ľudský 
610 2 0 |a štruktúra síl pracovných 
610 2 0 |a vedy humanitné 
610 2 0 |a vedy spoločenské 
610 2 0 |a vzdelanie odborné 
610 2 0 |a ekonomika nová 
610 2 0 |a sektor terciárny 
610 2 0 |a kultúra 
610 2 0 |a zamestnanosť 
100 1 |a Heřmanová, Eva